01231nam a2200277 a 450000100100000000500170001000800410002704000250006804100380009308200200013124501460015126000480029730000210034553400590036650000410042550000420046665000720050865000720058065100370065270000410068970000380073070000350076804900090080395201240081299900170093600002507520200930023540.0110209s1972 mx r 000 0 spa d aDO-SdBNPbspacBNPHU17aspaheng2Código de idioma MARC a327.47072bU58s01aLa Unión Soviética y la América Latina /ccompilado por Joseph Gregory Oswald y Anthony J. Strover ; traducción de Alfonso Castaño. aMéxico, D. F. :bEditorial Letras,c1972. a248 p. ;c21 cm. aTítulo original:tThe Soviet Union and Latin America aIncluye referencias bibliográficas aIncluye notas al pie de las páginas 4aUnión soviéticaxRelaciones exterioreszAmérica Latina951451 4aAmérica latinaxRelaciones exterioreszUnión Soviética951452 4aCubaxPolítica Y Gobierno95411 aOswald, Joseph Gregoryecomp.9514531 aStrover, Anthony J.ecomp.9514541 aCastaño, Alfonsoetr.951455 aBNGR 001054708MOaGRbGRcCTd2011-02-09iLF1l0o327.47072 U58sp25075-10r2020-06-25w2020-06-25y4ZPréstamo en sala c24568d24568